L'émergence de la monnaie européenne.

Úsilie o stabilitu hodnoty európskej meny a o nezávislosť centrálnej banky. Nerozdeliteľnosť sily meny a aplikácia princípu subsidiarity. Povaha meny. Prevencia systémového rizika v menovej únii. Konkurencia a hierarchia medzi menami. Ecu a konkurencia mien. (Geneses 1992, č.8.).

Gespeichert in:
Bibliographische Detailangaben
1. Verfasser: Aglietta, M.
Weitere Verfasser: Boissieu, Christian de
Format: Buchkapitel
Sprache:Französisch
Schlagworte:
Tags: Tag hinzufügen
Keine Tags, Fügen Sie das erste Tag hinzu!

MARC

LEADER 00000naa a2200000 4500
001 r010332
005 20220913125024.3
041 0 |a fre 
044 |a FR 
245 1 0 |a L'émergence de la monnaie européenne.  |c M. Aglietta, Ch. Boissieu 
520 |a Úsilie o stabilitu hodnoty európskej meny a o nezávislosť centrálnej banky. Nerozdeliteľnosť sily meny a aplikácia princípu subsidiarity. Povaha meny. Prevencia systémového rizika v menovej únii. Konkurencia a hierarchia medzi menami. Ecu a konkurencia mien. (Geneses 1992, č.8.). 
610 2 0 |a mena 
610 2 0 |a Európa 
610 2 0 |a únie menové 
610 2 0 |a konkurencia 
610 2 0 |a ECU 
100 1 |a Aglietta, M. 
700 1 |a Boissieu, Christian de